00759 a2200205 4500999001500000010001400015020002300029035001300052037001500065082001400080100001600094245006700110260003800177300003800215500003300253520007600286650004100362942003400403952011600437 c4389d4389 aENG-86292 a8175412224c450.00 aEN-69825 bDBAD / PUB14a910.954111 aLone, F. A.1 aThe exploration of Uri Sector, Kashmir Valley /cby F.A. Lone. aDelhi bShipra Publicationsc2005 a192 p. bill., maps c22 cm. (HB) aIncludes statistical tables. aChiefly on wildlife, flora, fauna, and geology of Uri Sector, Kashmir. 0aNatural historyzIndiazUri (Tehsil) adplcEN2ddch910.95411 mLON 001040718NFICaDBADbDBADeDBAD/PUBg450.00l0o910.95411 LONpEN-69825r2008-09-15 00:00:00t1v450.00yEN